000 00309nam a22001337a 4500
008 170127b xxu||||| |||| 00| 0 eng d
020 _a9780176417987
041 _aeng
080 _a61
100 _a3
101 _aSHM
245 _aHEALTH, ILLNESS AND HEALTH CARE IN CANADA
_cBOLARIA, B.S
942 _2udc
_cBK
999 _c3885
_d3885